000 00673cam a22002053a 4500
001 45075
003 PGUSA
005 20140828084030.0
008 140308s2014||||xxu|||||s|||||000 | eng d
040 _aPGUSA
_beng
042 _adc
100 1 _aBarde, Frederick Samuel
245 1 0 _aLife and Adventures of 'Billy' Dixon :
_bA Narrative in which is Described many things Relating to the Early Southwest
_h[electronic resource] /
_cFrederick Samuel Barde
260 _bProject Gutenberg,
_c2014
506 _aPublic domain in the USA.
516 _aElectronic text
830 0 _aProject Gutenberg
_v45075
856 4 0 _uhttp://www.gutenberg.org/ebooks/45075
942 _cEB
999 _c274326
_d274326